5HLuxD.jpg

KING HENRY VIII SENIOR AND PRIMARY SCHOOL LIBRARY OPAC

SCIENCE COMICS POLAR BEARS (Record no. 6096)

000 -LEADER
fixed length control field 00876nam a22002177a 4500
005 - DATE AND TIME OF LATEST TRANSACTION
control field 20260210082628.0
008 - FIXED-LENGTH DATA ELEMENTS--GENERAL INFORMATION
fixed length control field 260210b ||||| |||| 00| 0 eng d
020 ## - INTERNATIONAL STANDARD BOOK NUMBER
International Standard Book Number 9781626728240
040 ## - CATALOGING SOURCE
Transcribing agency KH8
082 ## - DEWEY DECIMAL CLASSIFICATION NUMBER
Classification number 599.786 VIO
100 ## - MAIN ENTRY--PERSONAL NAME
Personal name Viola,Jason
Relator term Author
245 ## - TITLE STATEMENT
Title SCIENCE COMICS POLAR BEARS
Remainder of title Survival on the Ice
260 ## - PUBLICATION, DISTRIBUTION, ETC.
Place of publication, distribution, etc. 120 Broadway,New York 10271
Name of publisher, distributor, etc. First Second
Date of publication, distribution, etc. 2019
300 ## - PHYSICAL DESCRIPTION
Extent 119 pages
Other physical details 15 cm x 21 cm
520 ## - SUMMARY, ETC.
Summary, etc. Do you have what it takes to live in one of the harshest places in the world? What if you had just a couple years to gain the knowledge you'll need to survive on your own? Join two curious polar bear cubs as they play, hunt, and navigate life in the Arctic.-Publisher-
650 ## - SUBJECT ADDED ENTRY--TOPICAL TERM
Topical term or geographic name entry element Juvenile Non Fiction
Form subdivision Polar Bear
655 ## - INDEX TERM--GENRE/FORM
Genre/form data or focus term Science
655 ## - INDEX TERM--GENRE/FORM
Genre/form data or focus term Artic Animals
700 ## - ADDED ENTRY--PERSONAL NAME
Personal name Giallongo,Zack
Relator term iLLUSTRATOR
942 ## - ADDED ENTRY ELEMENTS (KOHA)
Source of classification or shelving scheme
Koha item type Books - Non Ficton
Holdings
Withdrawn status Lost status Source of classification or shelving scheme Damaged status Not for loan Collection code Permanent Location Current Location Shelving location Date acquired Total Checkouts Full call number Barcode Date last seen Date last checked out Price effective from Koha item type Public note
          Non-Fiction KH8 Primary School Library KH8 Primary School Library Graphic Novel 2026-02-10 1 599.786 VIO KHPL000008291 2026-03-09 2026-02-23 2026-02-10 Books - Non Ficton PRIMARY LIBRARY

Powered By KH8 IT Dept